000 00303nam a2200121Ia 4500
008 240624s9999 xx 000 0 und d
041 _aeng
082 _a299.936 HUB
100 _aHUBBARD L RON
245 _aSELF ANALYSIS
260 _c2007
_aDenmark
_bNew Era Publication
300 _a375 : p. : cm. ; 24
999 _c12424
_d12424